000 00831nam a2200229 u 4500
001 000426181
003 AM-YeHGA
005 20250617133205.0
008 050505s1990 ||||||||||||||000|0|rus d
020 _a5060021246
040 _aAM-YeHGA
041 0 _arus
100 1 _aКиплинг, Редьярд Джозеф
_d1865-1936
245 1 0 _aКим :
_bРоман /
_cРедьярд Киплинг; Вступ. ст., коммент. Ю.И. Кагарлицкого.
260 _aМосква :
_bВысш. шк,
_c1990.
300 _a287 с. :
_bил.
504 _aБиблиогр. в примеч.: с. 279-286
650 1 4 _aАнглийская литература
_xРоман
653 0 _aИндия, 20 в. (х. л.)
700 1 _aКагарлицкий, Ю.И.
_eавт. предисл.
_4aui
090 _c163453
999 _c162042
_d162042